Music Quiz

Random Music or Album Quiz

Musician Images (A-Z) II Quiz Stats

 Plays Quiz Updated Jul 8, 2016

Score 0/24 Timer 04:00
3 Plays Today
% Correct
Katy Perry
93.5%
Celine Dion
89.4%
Ozzy Osbourne
89.1%
Amy Winehouse
89%
Tina Turner
86.5%
Jennifer Lopez
85.7%
Frank Sinatra
85.7%
Lenny Kravitz
78%
Louis Armstrong
76%
George Harrison
71.4%
Keith Urban
71.4%
Enrique Iglesias
69.2%
% Correct
Johnny Cash
65.1%
Missy Elliott
59.8%
John Mayer
59.4%
Marvin Gaye
58%
Olivia Newton-John
53.5%
Pat Benatar
52.1%
Ella Fitzgerald
51.1%
LeAnn Rimes
49%
Neil Young
48.9%
Norah Jones
47%
Frankie Valli
26.4%
Rob Zombie
25.7%

You're not logged in!

Compare scores with friends on all Sporcle quizzes.
OR
Log In

Sporcle TV

Today on Sporcle TV


Watch our educational content, quiz creation guides, and fun videos on Sporcle TV.

Show Comments

Extras

Top Quizzes Today


Score Distribution

Your Account Isn't Verified!

In order to create a playlist on Sporcle, you need to verify the email address you used during registration. Go to your Sporcle Settings to finish the process.

Report this User

Report this user for behavior that violates our Community Guidelines.

Details: